| 000 | 00398nam a2200181Ia 4500 | ||
|---|---|---|---|
| 008 | 210210b1951 xxu||||| |||| 00| 0 eng d | ||
| 041 | _aeng | ||
| 082 | _a828/266 | ||
| 100 | _aGUNTHER (J) | ||
| 245 | _aRiddle of Mac Arthur | ||
| 260 |
_aLondon _bHamish Hamilton _c1951 |
||
| 650 | _aRiddle | ||
| 650 | _aof | ||
| 650 | _aMac | ||
| 650 | _aArthur | ||
| 690 | _aBiography | ||
| 906 | _a016111 | ||
| 999 |
_c135515 _d135515 |
||